Alle Länder Asiens in 5 Minuten - Statistiken

Allgemein
  • Dieses Quiz wurde 51 mal gespielt
  • Das Durchschnittsergebnis liegt bei 42 aus 49
Antwortstatistiken
Länder % Korrekt
Indien
98%
Nordkorea
98%
Südkorea
98%
Bangladesch
96%
China
96%
Indonesien
96%
Japan
96%
Kasachstan
96%
Pakistan
96%
Thailand
96%
Afghanistan
94%
Armenien
94%
Aserbaidschan
94%
Oman
94%
Tadschikistan
94%
Turkmenistan
94%
Kirgistan
91%
Laos
91%
Nepal
91%
Singapur
91%
Vietnam
91%
Georgien
89%
Irak
89%
Iran
89%
Kambodscha
89%
Mongolei
89%
Myanmar
89%
Syrien
89%
Usbekistan
89%
Saudi-Arabien
87%
Bhutan
85%
Israel
85%
Libanon
85%
Malaysia
85%
Brunei
83%
Jemen
83%
Philippinen
83%
Türkei
83%
Vereinigte Arabische Emirate
83%
Katar
81%
Osttimor
81%
Jordanien
77%
Malediven
77%
Zypern
77%
Sri Lanka
74%
Bahrain
72%
Kuwait
72%
Russland
70%
Ägypten
15%
Keine übereinstimmenden Quizze gefunden
Verteilung der Resultate
Anzahl Personen mit jedem Resultat
Perzentil nach korrekt beantworteten Fragen
Ihre Resultats-Entwicklung
Sie haben dieses Quiz noch nicht gespielt